000 00360 a2200157 4500
001 168840
020 _a
040 _cMagnum
100 _aPieroni, Gerlado
240 1 0 _aOs degredados na colonizacao do brasil
_lpor
245 1 0 _aOs degredados na colonizacao do brasil
362 0 _a1899
440 1 _aThesaurus
697 _aPARADIDATICO
942 _cBK
999 _c168840
_d168840